Wszystkie powiaty w Polsce na literę B - Statystyki

Ogólne statystyki
  • Ten quiz został rozwiązany 132 razy
  • Średni wynik to 21 z 28
Statystyki odpowiedzi
Podpowiedź Odpowiedź % Poprawnych
bielski
94%
bielski
94%
miasto Białystok
92%
miasto Bielsko Biała
91%
miasto Bydgoszcz
88%
miasto Bytom
88%
miasto Biała Podlaska
87%
białostocki
86%
bydgoski
84%
bialski
78%
bartoszycki
76%
brzeski
74%
brzeski
74%
bytowski
74%
będziński
73%
białogardzki
72%
biłgorajski
71%
braniewski
71%
bolesławiecki
70%
brodnicki
69%
bełchatowski
66%
buski
66%
brzozowski
63%
białobrzeski
61%
bocheński
61%
brzeziński
59%
bieszczadzki
57%
bieruńsko-lędziński
55%
Nie znaleziono quizów pasujących do podanych kryteriów
Rozkład punktacji
Procent ludzi z każdym wynikiem
Percentyl według liczby udzielonych odpowiedzi
Twoja historia wyników
Nie rozwiązałeś tego quizu